000 00823nam a2200253 a 4500
003 OSt
005 20130530184058.0
008 130530s1981 ag ||||| |||| 00| 0 spa d
022 _a92 4 330075 X
040 _cBiblioteca Medicina
041 _aspa
082 _aOMS CSP 75
100 1 _aMangay-Maglacas, A.
_92373
245 0 0 _aCuadernos de Salud Publica 75.
_bLa partera tradicional en siete paises, Ejemplos practicos de utilizacion y adiestramiento
250 _a1° ed.
260 _aGinebra
_bOrganizacion Mundial de la Salud
_c1981
300 _a283 p.
653 _aSALUD PUBLICA
653 _aOBSTETRICIA
653 _aENFERMERIA OBSTETRICA
700 1 0 _aPizurki, H
_92374
942 _2ddc
_cPH
952 _pH0009
_40
_00
_bBFM
_10
_oOMS CSP 75
_d2013-05-30
_tEj. 1
_8NFIC
_70
_cCR
_2ddc
_yPH
_aBFM
999 _c1470
_d1470